000
00305nam a22001337a 4500
008
170310b xxu||||| |||| 00| 0 eng d
020
_a
9780683076783
041
_a
eng
080
_2
3RD
_a
616-002.77
100
_a
7
101
_a
SHM
245
_a
SOFT TISSUE RHEUMATIC PAIN
_c
SHEON, R.P
942
_2
udc
_c
BK
999
_c
7463
_d
7463